Les pokemons par couleur : rouge - Statistiques

Statistiques générales
  • Ce quiz a été pris 11 fois
    8 depuis la dernière actualisation
  • Le résultat moyen est 59 sur 133
Statistiques - réponses
Réponse % Correct
0006 Dracaufeu
100%
0006 Dracaufeu Gigamax
100%
0727 Félinferno
100%
0725 Flamiaou
100%
0726 Matoufeu
100%
0006 Méga-Dracaufeu Y
100%
0136 Pyroli
100%
0005 Reptincel
100%
0004 Salamèche
100%
0662 Braisillon
75%
0257 Braségali
75%
0386 Deoxys Forme Attaque
75%
0386 Deoxys Forme Défense
75%
0386 DeoxysForme Normale
75%
0386 Deoxys Forme Vitesse
75%
0621 Drakkarmin
75%
0653 Feunnec
75%
0663 Flambusard
75%
0256 Galifeu
75%
0655 Goupelin
75%
0499 Grotichon
75%
0383 Groudon
75%
0498 Gruikui
75%
0801 MagearnaCouleur du Passé
75%
0257 Méga-Braségali
75%
0661 Passerouge
75%
0255 Poussifeu
75%
0383 Primo-Groudon
75%
0500 Roitiflam
75%
0654 Roussil
75%
0100 Voltorbe
75%
0717 Yveltal
75%
0631 Afflamanoir
50%
0776 Boumata
50%
0323 Camérupt
50%
0909 Chochodile
50%
0910 Crocogril
50%
0554 Darumarond
50%
0101 Electrode
50%
0513 Flamajou
50%
0911 Flâmigator
50%
0514 Flamoutan
50%
0250 Ho-oh
50%
1007 Koraidon
50%
0099 Krabboss
50%
0099 KrabbossGigamax
50%
0098 Krabby
50%
0380 Latias
50%
0218 Limagma
50%
0745 LougarocForme Nocturne
50%
0467 Maganon
50%
0240 Magby
50%
0129 Magicarpe
50%
0126 Magmar
50%
0323 Méga-Camérupt
50%
0774 MéténoNoyau Rouge
50%
0999 MordudorFrome Coffre
50%
0479 Motisma
50%
0479 MotismaChaleur
50%
0479 MotismaFroid
50%
0479 MotismaHélice
50%
0479 MotismaLavage
50%
0479 MotismaTonte
50%
0794 Mouscoto
50%
0224 Octillery
50%
0046 Paras
50%
0047 Parasect
50%
0666 PrismillonMotif Poké Ball
50%
0045 Rafflesia
50%
0697 Rexillius
50%
0624 Scalpion
50%
0625 Scalproie
50%
0219 Volcaropod
50%
0193 Yanma
50%
1004 Yuyu
50%
0560 Baggaïd
25%
0225 Cadoizo
25%
0936 Carmadura
25%
0318 Carvanha
25%
0935 Charmbambin
25%
0308 Charmina
25%
0413 CheniselleCape Déchet
25%
0412 ChenitiCape Déchet
25%
0212 Cizayox
25%
0342 Colhomard
25%
0165 Coxy
25%
0166 Coxyclaque
25%
0558 Crabaraque
25%
0557 Crabicoque
25%
0950 Craparoi
25%
0401 Crikzik
25%
0553 Crocorible
25%
0555 DarumachoMode Normal
25%
0341 Ecrapince
25%
0101 ElectrodeForme de Hisui
25%
0616 Escargaume
25%
0628 Gueriaigle
25%
0991 Hotte-de-Fer
25%
0538 Judokrak
25%
0617 Limaspeed
25%
0124 Lippoutou
25%
0308 Méga-Charmina
25%
0212 Méga-Cizayox
25%
0402 Mélokrik
25%
0978 NigirigonForme Courbée
25%
1017 OgerponMasque du Fourneau
25%
0741 PlumelineStyle Flamenco
25%
0118 Poissirène
25%
0119 Poissoroy
25%
0233 Porygon2
25%
0474 Porygon-Z
25%
0666 PrismillonMotif Métropole
25%
0666 PrismillonMotif Soleil Levant
25%
0666 PrismillonMotif Zénith
25%
0146 SulfuraForme de Galar
25%
0543 Venipatte
25%
0585 VivaldaimForme Automne
25%
0100 VoltorbeForme de Hisui
25%
0889 ZamazentaBouclier Suprême
25%
0889 ZamazentaHéros Aguerri
25%
0826 Astronelle
0%
0826 AstronelleGigamax
0%
0265 Chenipotte
0%
0850 Grillepattes
0%
0774 Météno Noyau Orange
0%
0168 Migalos
0%
0351 MorphéoForme Solaire
0%
0545 Scobolide
0%
0851 Scolocendre
0%
0851 ScolocendreGigamax
0%
0338 Solaroc
0%
0787 Tokotoro
0%
0961 Triopikeau
0%
Aucun quiz correspondant
Distribution des résultats
% des personnes avec chaque résultat
Percentile par nombre de réponses
Votre historique - résultats
Vous n’avez pas pris ce quiz depuis la dernière actualisation